Artemis Accords Countries - Statistics

General Stats
  • This quiz has been taken 12 times
  • The average score is 38 of 55
Answer Stats
Answer % Correct
Canada
100%
France
100%
United States of America
100%
Argentina
90%
Brazil
90%
Chile
90%
Italy
90%
Mexico
90%
Norway
90%
Spain
90%
Sweden
90%
United Kingdom
90%
Australia
80%
Belgium
80%
Germany
80%
Greece
80%
Iceland
80%
Japan
80%
Netherlands
80%
Poland
80%
Ukraine
80%
United Arab Emirates
80%
Austria
70%
Colombia
70%
Czech Republic
70%
Denmark
70%
Ecuador
70%
Estonia
70%
Finland
70%
India
70%
Luxembourg
70%
New Zealand
70%
Uruguay
70%
Bulgaria
60%
Dominican Republic
60%
Israel
60%
Liechtenstein
60%
Lithuania
60%
Peru
60%
Romania
60%
Saudi Arabia
60%
Singapore
60%
Slovakia
60%
Slovenia
60%
South Korea
60%
Switzerland
60%
Thailand
60%
Nigeria
50%
Panama
50%
Armenia
40%
Bahrain
40%
Cyprus
40%
Bangladesh
30%
Angola
20%
Rwanda
20%
No matching quizzes found
Score Distribution
Percent of People with Each Score
Percentile by Number Answered
Your Score History
You have not taken this quiz